Systémy manažérstva a ich certifikácia

Význam zavádzania systémov manažérstva a ich následná certifikácia v organizáciách ako jeden z nástrojov udržania si konkurenčnej výhody.

Enregistré dans:
Détails bibliographiques
Auteur principal: Karkalíková, Marta
Format: Chapitre de livre
Langue:slovaque
Sujets:
Tags: Ajouter un tag
Pas de tags, Soyez le premier à ajouter un tag!

MARC

LEADER 00000naa a2200000 4500
001 0195628
005 20240502073302.2
041 0 |a slo 
044 |a SK 
245 1 0 |a Systémy manažérstva a ich certifikácia  |c Marta Karkalíková 
520 |a Význam zavádzania systémov manažérstva a ich následná certifikácia v organizáciách ako jeden z nástrojov udržania si konkurenčnej výhody. 
610 2 0 |a systém riadenia kvality 
610 2 0 |a manažment 
610 2 0 |a výhody konkurenčné 
610 2 0 |a certifikácia 
610 2 0 |a certifikáty 
100 1 |a Karkalíková, Marta